British poetry and drama: (Record no. 11788)

MARC details
000 -LEADER
fixed length control field 00548nam a22002057a 4500
005 - DATE AND TIME OF LATEST TRANSACTION
control field 20240403093609.0
008 - FIXED-LENGTH DATA ELEMENTS--GENERAL INFORMATION
fixed length control field 240403b |||||||| |||| 00| 0 eng d
020 ## - INTERNATIONAL STANDARD BOOK NUMBER
International Standard Book Number 9788196536220
040 ## - CATALOGING SOURCE
Original cataloging agency IN-DiNC
Transcribing agency IN-DiNC
041 ## - LANGUAGE CODE
Language code of sung or spoken text English
082 ## - DEWEY DECIMAL CLASSIFICATION NUMBER
Classification number 821
Item number BEH
100 ## - MAIN ENTRY--PERSONAL NAME
Personal name Behera, B.S.
Relator term Author
245 ## - TITLE STATEMENT
Title British poetry and drama:
Remainder of title 17th and 18th centuries/
Statement of responsibility, etc. by B.S. Behera
250 ## - EDITION STATEMENT
Edition statement 1st ed.
260 ## - PUBLICATION, DISTRIBUTION, ETC.
Place of publication, distribution, etc. Meerut:
Name of publisher, distributor, etc. Balaji publishers,
Date of publication, distribution, etc. 2023.
300 ## - PHYSICAL DESCRIPTION
Extent 288p.
650 ## - SUBJECT ADDED ENTRY--TOPICAL TERM
Topical term or geographic name entry element English poetry
650 ## - SUBJECT ADDED ENTRY--TOPICAL TERM
Topical term or geographic name entry element English drama
942 ## - ADDED ENTRY ELEMENTS (KOHA)
Source of classification or shelving scheme Dewey Decimal Classification
Koha item type Books
Holdings
Withdrawn status Lost status Source of classification or shelving scheme Damaged status Not for loan Collection code Home library Current library Shelving location Date acquired Cost, normal purchase price Total Checkouts Full call number Barcode Date last seen Date last checked out Copy number Price effective from Koha item type
    Dewey Decimal Classification     English Central Library, Naharkatiya College Central Library, Naharkatiya College General Stacks 03/04/2024 895.00 1 821 BEH 29968 06/04/2024 06/04/2024 1 03/04/2024 Books

Naharkatiya College © 2020. All rights reserved.

Powered By